00725cam a2200217 a 450000100100000000500170001000800410002704000250006808200170009310000500011024500530016026000320021330000210024565000280026665000310029491000280032591000070035304900090036095201210036999900170049000001814120200929165354.0810320nuuuuuuuumx 000 f spa d aDO-SdBNPbspacBNPHU a863.6bB644h1 aBlasco Ibáñez, Vicente,d1867-192891501713aLa horda :bnovela /cVicente Blasco Ibáñez. aMéxico :bPrometeo,c19?? a385 p. ;c19 cm. 4aNovela española91123 4aLiteratura española9632 aCatalogación derivada aWM aBNGR 001054708MOaGRbGRcHDd2010-04-15iLF1l0o863.6 B644hp18141-10r2020-06-25w2020-06-25y4ZPréstamo en sala c17662d17662